| 000 | 02107cam a22003977a 4500 | ||
|---|---|---|---|
| 001 | 17524514 | ||
| 003 | CSPC | ||
| 005 | 20241126112009.0 | ||
| 008 | 121108s2012 nyua 001 0 eng d | ||
| 010 | _a 2012472447 | ||
| 020 | _a9781118376805 | ||
| 035 | _a(OCoLC)ocn792889150 | ||
| 040 |
_aBTCTA _beng _cBTCTA _dYDXCP _dBWX _dTXA _dUKMGB _dDLC _eCSPC |
||
| 042 | _alccopycat | ||
| 050 | 0 | 0 |
_aQA371.5.D37 _bD55 2012 |
| 082 | 0 | 4 |
_a515.35 _bH911d |
| 100 | 1 |
_aHunt, Brian R., _eauthor. |
|
| 245 | 1 | 0 |
_aDifferential equations with MATLAB : _bupdated for MATLAB 2011b (7.13), Simulink 7.8, and symbolic math toolbox 5.7 / _cBrian R. Hunt, [and 3 others]. |
| 250 | _aThird edition. | ||
| 264 | 1 |
_aNew York : _bJohn Wiley & Sons, Inc., _c2012. |
|
| 300 |
_ax, 287 pages : _billustrations ; _c24 cm. |
||
| 336 |
_atext _2rdacontent |
||
| 337 |
_aunmediated _2rdamedia |
||
| 338 |
_avolume _2rdacarrier |
||
| 500 | _aIncludes index. | ||
| 505 | 0 | _aIntroduction -- Getting started with MATLAB -- Doing mathematics with MATLAB -- Using the desktop and M-files -- Practice with MATLAB -- Solutions of differential equations -- MuPAD -- A qualitative approach to differential equations -- First order equations -- Numerical methods -- Features of MATLAB -- Using simulink -- Numerical solutions -- Solving and analyzing second order linear equations -- Second order equations -- Series solutions -- Laplace transforms -- Series solutions and laplace transforms -- Higher order equations and systems of first order equations -- Qualitative theory for systems of differential equations. | |
| 630 | 0 | 0 | _aMATLAB. |
| 650 | 0 |
_aDifferential equations _xNumerical solutions _xData processing. |
|
| 700 | 1 |
_aLipsman, Ronald L., _eauthor. |
|
| 700 | 1 |
_aOsborn, John E., _eauthor. |
|
| 700 | 1 |
_aRosenberg, Jonathan M., _eauthor. |
|
| 906 |
_a7 _bcbc _ccopycat _d2 _encip _f20 _gy-gencatlg |
||
| 942 |
_2ddc _n0 _cBK _h515.35 _iH911d _kENG _m2012 |
||
| 999 |
_c28420 _d28420 |
||